| 000 | 00504nam a22001697a 4500 | ||
|---|---|---|---|
| 999 |
_c15271 _d15271 |
||
| 003 | OSt | ||
| 082 | _2631.3 SUJ/ST | ||
| 088 | _aT 33 | ||
| 100 |
_aSUJATHA ELAVANA _92899 |
||
| 245 | _aStudies on tractor mounted paddy reaper | ||
| 260 |
_aTavanur 1993 _bKelappaji College of Agricultural Engineering and Technology |
||
| 300 | _a122 | ||
| 500 | _aStudies on tractor mounted paddy reaper | ||
| 520 | _aStudies on tractor mounted paddy reaper | ||
| 700 |
_aDr. M. Sivaswami (Guide) _92207 |
||
| 942 | _cTH | ||